Jeunes proies

Salvato in:
Dettagli Bibliografici
Autore principale: Peyrefitte, Roger
Natura: Libro
Lingua:Undetermined
Pubblicazione: París, Francia Flammarion 1956
Soggetti:
Tags: Aggiungi Tag
Nessun Tag, puoi essere il primo ad aggiungerne!!

MARC

LEADER 00000nam a2200000Ia 4500
008 170316s9999 xx 000 0 und d
040 |a cru BVZT 
090 |a 840 P-11j 
100 |a Peyrefitte, Roger 
245 |a Jeunes proies 
260 |a París, Francia 
260 |b Flammarion 
260 |c 1956 
300 |a 251 páginas 
650 |a LITERATURA FRANCESA 
999 |c 7876  |d 7876 
942 |c 15 D  |h 840 P-11j  |2 z